000 01405nam a2200337Ia 4500
999 _c53792
_d53792
001 20842
003 GE_BSU
005 20190421002858.0
008 181216s||||||||xx |||||||||||||| ||und||
020 _a9789941236938
040 _cGE_BSU
041 _ageo
080 _a821.134.3(81)-31
100 _aკოელიო, პაოლო
_9184
245 _aალქიმიკოსი.
_cმთარგმნ. მ. გელაშვილი., რედ. ლ. ქადაგიშვილი., ნ. ნეკერიშვილი.
245 _bრომანი.
245 _cრედ.ლ.ქადაგიშვილი, ნ.ნეკერიშვილი. მთარგმნ. მ.გელაშვილი
260 _a
260 _a
260 _c
264 _aთბილისი:
_bბაკურ სულაკაური,
_c2016.
300 _a132 გვ., ილ. 20 სმ.
541 _h5ლ.04თ.
653 _aალქიმიკოსი
653 _aმხატვრული ლიტერატურა.
653 _aრომანი
700 _a გელაშვილი, მ.
_eმთარგმნელი
_9185
700 _aქადაგიშვილი, ლ.
_eრედაქტორი
_9186
700 _aნეკერიშვილი, ნ.
_eრედაქტორი
_9187
942 _cBK
_2udc